000 00866nam a22002417a 4500
005 20120926104152.0
008 120926t xxu||||| |||| 00| 0 eng d
010 _aENG-105979
020 _a9788176116060
_c225.00
035 _aEN-89512
037 _bDBAD/PUB
040 _aDPL
_bEnglish
082 _a155.05
100 _aPaliwal, Suprithy
_952630
245 _aDevelopmental psychology /
_cby Suprithy Paliwal [and] Jyoti Gaur
260 _aJaipur
_bRBSA Publishers
_c2012
270 _a340, Chaura Rasta
_bJaipur
_e302003
300 _a212p.
_c22cm(pbk)
500 _aIncludes bibliographical references
700 _aGaur, Jyoti
_952631
942 _2ddc
_cEN
_mPAL
_h155.05
999 _c70317
_d70317